000 00672nam a2200289Ia 4500
005 20260324120133.0
008 008 260324s9999 xx 000 0 eng d
020 _a9781315738048
037 _aEBOOK
040 _aCRL
040 _beng
040 _cCRL
041 _2eng
041 _aeng
084 _qCRL
100 _aFrances Holliss
_91157385
245 0 _aBeyond Live/Work
245 4 _bThe Architecture of Home-based Work
260 _bTaylor and Francis
260 _c2015
365 _a
365 _b290
856 _uhttp://www.taylorfrancis.com/books/9781315738048
942 _cEBOOK
999 _c1748737
_d1748737